000 00509nam a2200181Ia 4500
005 20250326125139.0
008 250326s9999 xx 000 0 und d
037 _aTextbook
040 _aFMSL
_beng
_cFMSL
041 _aeng
_2eng
084 _aX:97:Z L4;1
_qFMSL
100 _aJohri C K
245 0 _aIncomes policy and industrial relations
_cJohri C K
260 _aNew Delhi
_bNew Delhi, Shri Ram Centre
_c1974
300 _a372p
942 _cTB
_hX:97:Z L4;1
999 _c1276753
_d1276753